Economic developments in India : achievements and challenges. (Record no. 40812)

MARC details
000 -LEADER
fixed length control field 00667nam a2200181 a 4500
001 - CONTROL NUMBER
control field 4926500
008 - FIXED-LENGTH DATA ELEMENTS--GENERAL INFORMATION
fixed length control field 150327s1995 ||||||||||||||||| || u
010 ## - LIBRARY OF CONGRESS CONTROL NUMBER
LC control number 95038912
020 ## - INTERNATIONAL STANDARD BOOK NUMBER
International Standard Book Number 0821334646
050 ## - LIBRARY OF CONGRESS CALL NUMBER
Classification number IBRD(06)CS/1995/4
245 00 - TITLE STATEMENT
Title Economic developments in India : achievements and challenges.
260 ## - PUBLICATION, DISTRIBUTION, ETC.
Place of publication, distribution, etc. Washington, DC
Name of publisher, distributor, etc. World Bank
Date of publication, distribution, etc. 1995
300 ## - PHYSICAL DESCRIPTION
Extent xxxv, 198 p. : ill.
490 ## - SERIES STATEMENT
Series statement World Bank Country Study
650 ## - SUBJECT ADDED ENTRY--TOPICAL TERM
Topical term or geographic name entry element INDIA--ECONOMIC POLICY--1991-
650 ## - SUBJECT ADDED ENTRY--TOPICAL TERM
Topical term or geographic name entry element INDIA--ECONOMIC CONDITIONS--1947-
995 ## - RECOMMENDATION 995 [LOCAL, UNIMARC FRANCE]
-- CBU-MAIN LIBRARY (Kitwe)
-- 1
-- AVAILABLE
-- Mar 27, 2015
-- International Publications
Holdings
Withdrawn status Lost status Source of classification or shelving scheme Damaged status Not for loan Home library Current library Shelving location Date acquired Total Checkouts Full call number Barcode Date last seen Price effective from Koha item type
          CBU-MAIN LIBRARY, KITWE. CBU-MAIN LIBRARY, KITWE.   11/30/2022   IBRD(06)CS/1995/4 024291 11/30/2022 11/30/2022 MONOGRAPH